Doctrina mercantil del Tribunal Supremo (Record no. 131919)

MARC details
000 -LEADER
campo de control de longitud fija 01099nam a2200217 i 4500
001 - NÚMERO DE CONTROL
campo de control 131919
003 - IDENTIFICADOR DE NÚMERO DE CONTROL
campo de control ES-MaACL
005 - FECHA Y HORA DE LA ÚLTIMA TRANSACCIÓN
campo de control 20250811074512.0
007 - CAMPO FIJO DE DESCRIPCIÓN FÍSICA--INFORMACIÓN GENERAL
campo de control de longitud fija t|
008 - DATOS DE LONGITUD FIJA--INFORMACIÓN GENERAL
campo de control de longitud fija 070214s1964 sp r ||||1| spa d
110 2# - ENTRADA PRINCIPAL--NOMBRE DE ENTIDAD CORPORATIVA
Nombre de entidad corporativa o nombre de jurisdicción como elemento de entrada España.
Título de la obra Leyes, etc.
9 (RLIN) 184149
245 10 - MENCIÓN DEL TÍTULO
Título Doctrina mercantil del Tribunal Supremo
Resto del título : apéndice refundido a la 1ª edición : comprende las resoluciones recaídas en los recursos de casación por infracción de la Ley y las de la Dirección General de los Registros y del Notariado, desde 1 de enero de 1948 hasta el 31 de diciembre de 1955, sistematizadas y articuladas con arreglo al Código de Comercio vigente /
Mención de responsabilidad, etc. [compilado por] Manuel Rodríguez Navarro.
260 ## - PUBLICACIÓN, DISTRIBUCIÓN, ETC.
Lugar de publicación, distribución, etc. Madrid :
Nombre del editor, distribuidor, etc. Aguilar,
Fecha de publicación, distribución, etc. 1964.
300 ## - DESCRIPCIÓN FÍSICA
Extensión XX, 494 p. ;
Dimensiones 19 cm.
650 04 - PUNTO DE ACCESO ADICIONAL DE MATERIA--TÉRMINO DE MATERIA
Término de materia o nombre geográfico como elemento de entrada Derecho mercantil-
Subdivisión geográfica España-
Subdivisión de forma Jurisprudencia.
9 (RLIN) 11736
700 1# - ENTRADA AGREGADA--NOMBRE PERSONAL
Nombre de persona Rodríguez Navarro, Manuel.
9 (RLIN) 98697
710 1# - ENTRADA AGREGADA--NOMBRE DE ENTIDAD CORPORATIVA
Nombre de entidad corporativa o nombre de jurisdicción como elemento de entrada España.
Unidad subordinada Tribunal Supremo
9 (RLIN) 4004
710 2# - ENTRADA AGREGADA--NOMBRE DE ENTIDAD CORPORATIVA
Nombre de entidad corporativa o nombre de jurisdicción como elemento de entrada España.
Unidad subordinada Dirección General de los Registros y del Notariado.
9 (RLIN) 3751
852 ## - LOCALIZACIÓN
Ubicación ES-MaACL
Número de control de estantería C-28808
Sublocalización o colección R.57947
Holdings
Estatus retirado Estado de pérdida Estado de daño No para préstamo Biblioteca de origen Biblioteca actual Ubicación en estantería Fecha de adquisición Fuente de adquisición Total de préstamos Signatura topográfica completa Código de barras Visto por última vez Precio de reemplazo Tipo de ítem Koha
        Biblioteca del Ateneo de Madrid Biblioteca del Ateneo de Madrid Depósito 2 17/01/2008     C-28808 1137341 23/02/2023 23/02/2023 Libro impreso